000 00459nam a2200157Ia 4500
003 GCL
008 140319s9999 xx 000 0 ara d
040 _aGCL /
_cGCL
082 0 4 _a239.8
_bع ا
100 1 _aعباس محمود العقاد
245 1 0 _aابو الشهداء الحسين بن على /
_cعباس محمود العقاد
300 _a188 ص
490 _aكتاب الهلال
_v0
650 0 4 _aالحسين بن على
942 _2ddc
_cBK
999 _c47006
_d47006